Pescando con Pedro = (Record no. 17588)

MARC details
000 -LEADER
fixed length control field 02904cam a2200553 i 4500
001 - CONTROL NUMBER
control field 25964150
003 - CONTROL NUMBER IDENTIFIER
control field OCoLC
005 - DATE AND TIME OF LATEST TRANSACTION
control field 20170614165244.0
008 - FIXED-LENGTH DATA ELEMENTS--GENERAL INFORMATION
fixed length control field 920427t19931993orua j 000 0 eng
010 ## - LIBRARY OF CONGRESS CONTROL NUMBER
LC control number 92016620
020 ## - INTERNATIONAL STANDARD BOOK NUMBER
International Standard Book Number 0898025923
020 ## - INTERNATIONAL STANDARD BOOK NUMBER
International Standard Book Number 9780898025927
020 ## - INTERNATIONAL STANDARD BOOK NUMBER
International Standard Book Number 089802630X (pbk.)
020 ## - INTERNATIONAL STANDARD BOOK NUMBER
International Standard Book Number 9780898026306 (pbk.)
035 ## - SYSTEM CONTROL NUMBER
System control number (OCoLC)25964150
040 ## - CATALOGING SOURCE
Original cataloging agency DLC
Language of cataloging eng
Description conventions rda
Transcribing agency DLC
Modifying agency JQL
-- OCL
-- BAKER
-- BTCTA
-- YDXCP
-- OCLCG
-- BDX
-- OCLCO
-- COV
041 0# - LANGUAGE CODE
Language code of text/sound track or separate title eng
-- spa
042 ## - AUTHENTICATION CODE
Authentication code lcac
043 ## - GEOGRAPHIC AREA CODE
Geographic area code ncbh---
050 00 - LIBRARY OF CONGRESS CALL NUMBER
Classification number QL687.B45
Item number H37 1993
082 00 - DEWEY DECIMAL CLASSIFICATION NUMBER
Classification number 598/.43
Edition number 20
092 0# - LOCALLY ASSIGNED DEWEY CALL NUMBER (OCLC)
Classification number 598 H262fi 1993
100 1# - MAIN ENTRY--PERSONAL NAME
Personal name Harvey, Diane Kelsay,
Dates associated with a name 1946-
245 10 - TITLE STATEMENT
Title Pescando con Pedro =
Remainder of title Fishing with Peter/
Statement of responsibility, etc. text and photography by Diane Kelsay Harvey and Bob Harvey.
246 31 - VARYING FORM OF TITLE
Title proper/short title Fishing with Peter.
260 ## - PUBLICATION, DISTRIBUTION, ETC. (IMPRINT)
Place of publication, distribution, etc. Wilsonville, Or. :
Name of publisher, distributor, etc. Beautiful America Pub. Co.,
Date of publication, distribution, etc. c1993.
264 #1 - PRODUCTION, PUBLICATION, DISTRIBUTION, MANUFACTURE, AND COPYRIGHT NOTICE
Place of production, publication, distribution, manufacture Wilsonville, Or. :
Name of producer, publisher, distributor, manufacturer Beautiful America Pub. Co.,
Date of production, publication, distribution, manufacture, or copyright notice [1993]
264 #4 - PRODUCTION, PUBLICATION, DISTRIBUTION, MANUFACTURE, AND COPYRIGHT NOTICE
Date of production, publication, distribution, manufacture, or copyright notice c1993.
300 ## - PHYSICAL DESCRIPTION
Extent 1 volume (unpaged) :
Other physical details color illustrations ;
Dimensions 19 x 24 cm.
336 ## - CONTENT TYPE
Content type term text
Content type code txt
Source rdacontent.
337 ## - MEDIA TYPE
Media type term unmediated
Media type code n
Source rdamedia.
338 ## - CARRIER TYPE
Carrier type term volume
Carrier type code nc
Source rdacarrier.
490 1# - SERIES STATEMENT
Series statement Rivendell nature series.
500 ## - GENERAL NOTE
General note Text in English and Spanish.
500 ## - GENERAL NOTE
General note "A Little America book."
520 ## - SUMMARY, ETC.
Summary, etc. Text in English and Spanish discusses the way of life of brown pelicans and other fishing birds in the unique salt water environment along the coast of Belize, a habitat which is now threatened.
650 #0 - SUBJECT ADDED ENTRY--TOPICAL TERM
Topical term or geographic name as entry element Water birds
Authority record control number (uri)http://id.loc.gov/authorities/subjects/sh85145533
Geographic subdivision Belize
Authority record control number (uri)http://id.loc.gov/authorities/names/n79126944
Form subdivision Juvenile literature.
Authority record control number (uri)http://id.loc.gov/authorities/subjects/sh99001674.
650 #0 - SUBJECT ADDED ENTRY--TOPICAL TERM
Topical term or geographic name as entry element Sea birds
Authority record control number (uri)http://id.loc.gov/authorities/subjects/sh85119208
Geographic subdivision Belize
Authority record control number (uri)http://id.loc.gov/authorities/names/n79126944
Form subdivision Juvenile literature.
Authority record control number (uri)http://id.loc.gov/authorities/subjects/sh99001674.
650 #1 - SUBJECT ADDED ENTRY--TOPICAL TERM
Topical term or geographic name as entry element Brown pelican.
Authority record control number (uri)http://id.loc.gov/authorities/subjects/sh85017254.
650 #1 - SUBJECT ADDED ENTRY--TOPICAL TERM
Topical term or geographic name as entry element Pelicans.
Authority record control number (uri)http://id.loc.gov/authorities/subjects/sh85099263.
650 #1 - SUBJECT ADDED ENTRY--TOPICAL TERM
Topical term or geographic name as entry element Water birds
Authority record control number (uri)http://id.loc.gov/authorities/subjects/sh85145533
Geographic subdivision Belize.
Authority record control number (uri)http://id.loc.gov/authorities/names/n79126944.
650 #1 - SUBJECT ADDED ENTRY--TOPICAL TERM
Topical term or geographic name as entry element Birds
Authority record control number (uri)http://id.loc.gov/authorities/childrensSubjects/sj96004914
Geographic subdivision Belize.
Authority record control number (uri)http://id.loc.gov/authorities/childrensSubjects/n79126944.
650 #1 - SUBJECT ADDED ENTRY--TOPICAL TERM
Topical term or geographic name as entry element Wildlife conservation
Authority record control number (uri)http://id.loc.gov/authorities/subjects/sh85146731
Geographic subdivision Belize.
Authority record control number (uri)http://id.loc.gov/authorities/names/n79126944.
650 #1 - SUBJECT ADDED ENTRY--TOPICAL TERM
Topical term or geographic name as entry element Spanish language materials
General subdivision Bilingual.
Authority record control number (uri)http://id.loc.gov/authorities/childrensSubjects/sj96006152.
700 1# - ADDED ENTRY--PERSONAL NAME
Personal name Harvey, Bob,
Dates associated with a name 1952-
740 0# - ADDED ENTRY--UNCONTROLLED RELATED/ANALYTICAL TITLE
Uncontrolled related/analytical title Pescando con Pedro.
830 #0 - SERIES ADDED ENTRY--UNIFORM TITLE
Uniform title Rivendell nature series.
Authority record control number (uri)http://id.loc.gov/authorities/names/n91011608.
942 ## - ADDED ENTRY ELEMENTS (KOHA)
Source of classification or shelving scheme Dewey Decimal Classification
Koha item type Libro/Book
Holdings
Withdrawn status Lost status Damaged status Not for loan Home library Current library Date acquired Inventory number Total Checkouts Full call number Barcode Date last seen Date checked out Price effective from Koha item type
        Las Pampas -- Satellite Las Pampas -- Satellite 14/06/2017 inventory date: 17-1-25 1 JNC 35701513 05/01/2023 29/03/2022 14/06/2017 Libro/Book

Powered by Koha